Unit operations of chemical engineering (Record no. 3799)

000 -LEADER
fixed length control field 00652nam a2200241 a 4500
001 - CONTROL NUMBER
control field 3799
003 - CONTROL NUMBER IDENTIFIER
control field BD-DhUET
008 - FIXED-LENGTH DATA ELEMENTS--GENERAL INFORMATION
fixed length control field 850523s1985 nyua b 001 0 eng
020 ## - INTERNATIONAL STANDARD BOOK NUMBER
International Standard Book Number 0070448280
040 ## - CATALOGING SOURCE
Modifying agency BD-DhUET
Transcribing agency 0
082 0# - DEWEY DECIMAL CLASSIFICATION NUMBER
Classification number 660.2842
Item number MCC/1985
100 1# - MAIN ENTRY--PERSONAL NAME
Personal name McCabe, Warren L.
245 10 - TITLE STATEMENT
Title Unit operations of chemical engineering
250 ## - EDITION STATEMENT
Edition statement 4th ed.
260 ## - PUBLICATION, DISTRIBUTION, ETC. (IMPRINT)
Place of publication, distribution, etc. New York
Name of publisher, distributor, etc. McGraw-Hill
Date of publication, distribution, etc. 1985
300 ## - PHYSICAL DESCRIPTION
Extent x, 960 p.
Other physical details ill.
Dimensions 25 cm.
490 1# - SERIES STATEMENT
Series statement McGraw-Hill chemical engineering series
504 ## - BIBLIOGRAPHY, ETC. NOTE
Bibliography, etc Includes bibliographies
650 #0 - SUBJECT ADDED ENTRY--TOPICAL TERM
Topical term or geographic name as entry element Chemical Processer
700 1# - ADDED ENTRY--PERSONAL NAME
Personal name Smith, Julian C.
700 1# - ADDED ENTRY--PERSONAL NAME
Personal name Harriott, Peter.
942 ## - ADDED ENTRY ELEMENTS (KOHA)
Koha item type General Book
Holdings
Location (home branch) Piece designation (barcode) Koha normalized classification for sorting Koha issues (times borrowed) Damaged status Koha date last seen Copy number Price effective from Shelving location Date acquired Not for loan Source of classification or shelving scheme Lost status Koha item type Withdrawn status Koha full call number Koha date last borrowed Sublocation or collection (holding branch)
Central Library, BUET72739660_000000000000000_2842MCC198  2016-10-2312014-11-05Circulation section2014-11-05   General Book 660.2842/MCC/1985 Central Library, BUET
Central Library, BUET77549660_000000000000000_2842MCC198  2014-11-0522014-11-05Circulation section2014-11-05   General Book 660.2842/MCC/1985 Central Library, BUET
Central Library, BUET77550660_000000000000000_2842MCC1982 2018-12-0432014-11-05Circulation section2014-11-05   General Book 660.2842/MCC/19852018-11-14Central Library, BUET
Central Library, BUET68731660_284200000000000_MCC_1985  2015-07-0142015-07-01Reading section2015-07-01   Reading Item 660.2842/MCC/1985 Central Library, BUET
Central Library, BUET73910660_284200000000000_MCC_1985  2024-11-25৪/ক-১2024-11-25Rental section1989-06-27   Rental Item 660.2842 MCC/1985 Central Library, BUET
Central Library, BUET73911660_284200000000000_MCC_1985  2024-11-25৪/ক-২2024-11-25Rental section1989-06-27   Rental Item 660.2842 MCC/1985 Central Library, BUET
Central Library, BUET73912660_284200000000000_MCC_1985  2024-11-25৪/ক-৩2024-11-25Rental section1989-06-27   Rental Item 660.2842 MCC/1985 Central Library, BUET
Central Library, BUET73913660_284200000000000_MCC_1985  2024-11-25৪/ক-৪2024-11-25Rental section1989-06-27   Rental Item 660.2842 MCC/1985 Central Library, BUET
Central Library, BUET73914660_284200000000000_MCC_1985  2024-11-25৪/ক-৫2024-11-25Rental section1989-06-27   Rental Item 660.2842 MCC/1985 Central Library, BUET
Central Library, BUET73915660_284200000000000_MCC_1985  2024-11-25৪/ক-৬2024-11-25Rental section1989-06-27   Rental Item 660.2842 MCC/1985 Central Library, BUET
Central Library, BUET73916660_284200000000000_MCC_1985  2024-11-25৪/ক-৭2024-11-25Rental section1989-06-27   Rental Item 660.2842 MCC/1985 Central Library, BUET
Central Library, BUET73917660_284200000000000_MCC_1985  2024-11-25৪/ক-৮2024-11-25Rental section1989-06-27   Rental Item 660.2842 MCC/1985 Central Library, BUET
Central Library, BUET73918660_284200000000000_MCC_1985  2024-11-25৪/ক-৯2024-11-25Rental section1989-06-27   Rental Item 660.2842 MCC/1985 Central Library, BUET
Central Library, BUET73919660_284200000000000_MCC_1985  2024-11-25৪/ক-১০2024-11-25Rental section1989-06-27   Rental Item 660.2842 MCC/1985 Central Library, BUET
Central Library, BUET73934660_284200000000000_MCC_1985  2024-11-25৪/ক-২৫2024-11-25Rental section1989-06-27   Rental Item 660.2842 MCC/1985 Central Library, BUET
Central Library, BUET73935660_284200000000000_MCC_1985  2024-11-25৪/ক-২৬2024-11-25Rental section1989-06-27   Rental Item 660.2842 MCC/1985 Central Library, BUET